NBA Teams from East to West - Statistics

General Stats
  • This quiz has been taken 69 times
  • The average score is 23 of 29
Answer Stats
Longitude Team % Correct
71.062228°W Boston Celtics
100%
73.974689°W Brooklyn Nets
100%
73.993611°W New York Knicks
100%
75.171944°W Philadelphia 76ers
98%
77.020833°W Washington Wizards
94%
80.188056°W Miami Heat
86%
80.839167°W Charlotte Hornets
82%
118.267222°W Los Angeles Clippers/Lakers
82%
96.810278°W Dallas Mavericks
78%
83.245556°W Detroit Pistons
78%
122.203056°W Golden State Warriors
78%
95.362222°W Houston Rockets
78%
90.081944°W New Orleans Pelicans
78%
81.383611°W Orlando Magic
78%
98.4375°W San Antonio Spurs
78%
87.674167°W Chicago Bulls
76%
81.688056°W Cleveland Cavaliers
76%
105.0075°W Denver Nuggets
76%
86.155556°W Indiana Pacers
76%
87.916944°W Milwaukee Bucks
76%
122.666667°W Portland Trailblazers
76%
79.379167°W Toronto Raptors
76%
84.396389°W Atlanta Hawks
73%
93.276111°W Minnesota Timberwolves
73%
97.515°W Oklahoma City Thunder
73%
112.071389°W Phoenix Suns
73%
121.518056°W Sacramento Kings
73%
111.901111°W Utah Jazz
73%
90.050556°W Memphis Grizzlies
71%
No matching quizzes found
Score Distribution
Percent of People with Each Score
Percentile by Number Answered
Your Score History
You have not taken this quiz